Clique para traduzir - Italiano - Statistics

Estatísticas Gerais
  • Esse quiz foi jogado 86 vezes
  • A pontuação média é 14 de 20
Estatísticas das Respostas
Hint Resposta % Correto
Fogo Fuoco
94%
Água Acqua
92%
Carro Auto
92%
Braço Braccio
90%
Leite Latte
88%
Mulher Donna
86%
Peixe Pesca
82%
Vermelho Rosso
82%
Dia Giorno
80%
Junho Giugno
80%
Estrela Stella
78%
Onze Undici
72%
Segunda-feira Lunedì
64%
Sala Stanza
64%
Igreja Chiesa
60%
Sapato Scarpa
50%
Cama Letto
48%
Rato Topo
42%
Chuva Pioggia
36%
Praia Spiaggia
36%
Nenhum quiz correspondente encontrado
Distribuição das Pontuações
Porcentagem de Pessoas com Cada Pontuação
Percentil de Números Respondidos
Sua Pontuação Histórica
Você não jogou esse quiz